[Event "DVM U12 2023"]
[Site "Magdeburg GER"]
[Date "2023.12.29"]
[Round "6"]
[White "Bodriyenko, Daniel"]
[Black "Meijers, Jaroslav"]
[Result "1-0"]
[Termination "normal"]
[Board "1.4"]
[WhiteElo "1458"]
[BlackElo "1104"]
[WhiteClock "01:13:50"]
[BlackClock "00:17:52"]
[WhiteTeam "SF 59 Kornwestheim"]
[BlackTeam "SG Solingen"]
[PlyCount "113"]
[WhiteFideId "34606718"]
[BlackFideId "34143297"]
[EventCountry "GER"]
[EventRounds "7"]
[EventType "team-swiss"]
[EventDate "2023.12.26"]

1. e4 {[%clk 01:30:53]} {[%emt 00:00:06]} c5 {[%clk 01:30:44]} {[%emt
00:00:18]} 2. Nf3 {[%clk 01:31:15]} {[%emt 00:00:07]} e6 {[%clk 01:30:58]}
{[%emt 00:00:16]} 3. d4 {[%clk 01:31:27]} {[%emt 00:00:18]} cxd4 {[%clk
01:31:08]} {[%emt 00:00:21]} 4. Nxd4 {[%clk 01:31:43]} {[%emt 00:00:13]} Nf6
{[%clk 01:31:33]} {[%emt 00:00:05]} 5. Nc3 {[%clk 01:31:57]} {[%emt 00:00:15]}
Nc6 {[%clk 01:31:53]} {[%emt 00:00:11]} 6. Nxc6 {[%clk 01:32:00]} {[%emt
00:00:27]} bxc6 {[%clk 01:32:05]} {[%emt 00:00:18]} 7. e5 {[%clk 01:32:08]}
{[%emt 00:00:20]} Nd5 {[%clk 01:32:23]} {[%emt 00:00:14]} 8. Ne4 {[%clk
01:32:13]} {[%emt 00:00:24]} Qc7 {[%clk 01:31:43]} {[%emt 00:01:10]} 9. f4
{[%clk 01:31:44]} {[%emt 00:00:59]} Qb6 {[%clk 01:29:50]} {[%emt 00:02:24]} 10.
c4 {[%clk 01:28:07]} {[%emt 00:04:06]} Bb4+ {[%clk 01:26:33]} {[%emt 00:03:47]}
11. Bd2 {[%clk 01:28:10]} {[%emt 00:00:27]} Qe3+ {[%clk 01:25:02]} {[%emt
00:02:02]} 12. Qe2 {[%clk 01:26:47]} {[%emt 00:01:51]} Bxd2+ {[%clk 01:22:02]}
{[%emt 00:03:32]} 13. Nxd2 {[%clk 01:25:53]} {[%emt 00:01:23]} Qxe2+ {[%clk
01:17:06]} {[%emt 00:05:25]} 14. Bxe2 {[%clk 01:24:39]} {[%emt 00:01:45]} Nxf4
{[%clk 01:14:46]} {[%emt 00:02:51]} 15. g3 {[%clk 01:22:38]} {[%emt 00:02:30]}
Nxe2 {[%clk 01:13:35]} {[%emt 00:01:41]} 16. Kxe2 {[%clk 01:22:44]} {[%emt
00:00:24]} f6 {[%clk 01:05:56]} {[%emt 00:08:10]} 17. Nf3 {[%clk 01:21:13]}
{[%emt 00:02:00]} Ke7 {[%clk 01:04:31]} {[%emt 00:01:55]} 18. Rhf1 {[%clk
01:20:25]} {[%emt 00:01:18]} Bb7 {[%clk 01:00:38]} {[%emt 00:04:23]} 19. Ke3
{[%clk 01:18:25]} {[%emt 00:02:29]} c5 {[%clk 00:58:43]} {[%emt 00:02:27]} 20.
exf6+ {[%clk 01:16:56]} {[%emt 00:01:58]} gxf6 {[%clk 00:58:43]} {[%emt
00:00:30]} 21. Nd2 {[%clk 01:16:28]} {[%emt 00:00:58]} d5 {[%clk 00:56:34]}
{[%emt 00:02:38]} 22. cxd5 {[%clk 01:12:54]} {[%emt 00:04:04]} Bxd5 {[%clk
00:54:40]} {[%emt 00:02:24]} 23. b3 {[%clk 01:12:25]} {[%emt 00:01:00]} Rac8
{[%clk 00:49:58]} {[%emt 00:05:13]} 24. Rac1 {[%clk 01:10:39]} {[%emt
00:02:14]} Rc7 {[%clk 00:47:58]} {[%emt 00:02:32]} 25. Nc4 {[%clk 01:09:36]}
{[%emt 00:01:32]} e5 {[%clk 00:41:14]} {[%emt 00:07:15]} 26. Rfd1 {[%clk
01:07:15]} {[%emt 00:02:50]} Ke6 {[%clk 00:38:33]} {[%emt 00:03:11]} 27. Rd2
{[%clk 00:59:53]} {[%emt 00:07:52]} Rb8 {[%clk 00:32:22]} {[%emt 00:06:41]} 28.
Rdc2 {[%clk 00:56:22]} {[%emt 00:04:01]} Rd8 {[%clk 00:30:08]} {[%emt
00:02:44]} 29. Na3 {[%clk 00:55:00]} {[%emt 00:01:52]} f5 {[%clk 00:18:52]}
{[%emt 00:41:52]} 30. Nb5 {[%clk 00:53:50]} f4+ {[%clk 00:11:22]} 31. gxf4
{[%clk 00:52:46]} exf4+ {[%clk 00:08:36]} 32. Kxf4 {[%clk 00:50:29]} Rf8+
{[%clk 00:08:16]} 33. Ke3 {[%clk 00:50:37]} Rf3+ {[%clk 00:07:54]} 34. Kd2
{[%clk 00:49:56]} Rf2+ {[%clk 00:01:13]} 35. Kc3 {[%clk 00:49:44]} Rxc2+ {[%clk
00:00:31]} 36. Rxc2 {[%clk 00:50:07]} Rb7 {[%clk 00:00:32]} {[%emt 00:00:07]}
37. Na3 {[%clk 00:50:20]} {[%emt 00:00:16]} Rb4 {[%clk 00:00:40]} {[%emt
00:00:23]} 38. Re2+ {[%clk 00:49:40]} {[%emt 00:01:10]} Kd6 {[%clk 00:00:47]}
{[%emt 00:00:23]} 39. Nc2 {[%clk 00:49:23]} {[%emt 00:00:45]} Rh4 {[%clk
00:00:48]} {[%emt 00:00:31]} 40. Ne3 {[%clk 00:49:30]} {[%emt 00:00:22]} Re4
{[%clk 00:00:38]} {[%emt 00:00:41]} 41. Kd3 {[%clk 00:48:49]} {[%emt 00:01:10]}
Ke5 {[%clk 00:00:38]} {[%emt 00:00:30]} 42. Nxd5 {[%clk 00:47:18]} {[%emt
00:02:01]} Rxe2 {[%clk 00:00:50]} {[%emt 00:00:18]} 43. Kxe2 {[%clk 00:47:40]}
{[%emt 00:00:08]} Kxd5 {[%clk 00:01:14]} {[%emt 00:00:06]} 44. Kd3 {[%clk
00:48:05]} {[%emt 00:00:05]} h5 {[%clk 00:28:32]} {[%emt 00:03:13]} 45. h4
{[%clk 01:17:56]} {[%emt 00:00:38]} Kd6 {[%clk 00:27:25]} {[%emt 00:01:38]} 46.
Kd2 {[%clk 01:16:39]} {[%emt 00:01:46]} Kc6 {[%clk 00:25:42]} {[%emt 00:02:13]}
47. Ke3 {[%clk 01:13:52]} {[%emt 00:03:17]} a6 {[%clk 00:20:47]} {[%emt
00:05:27]} 48. Kf4 {[%clk 01:13:21]} {[%emt 00:00:59]} Kd5 {[%clk 00:19:41]}
{[%emt 00:01:36]} 49. Kg5 {[%clk 01:13:10]} {[%emt 00:00:42]} Ke5 {[%clk
00:19:34]} {[%emt 00:00:36]} 50. Kxh5 {[%clk 01:13:30]} {[%emt 00:00:09]} Kf5
{[%clk 00:19:57]} {[%emt 00:00:07]} 51. a3 {[%clk 01:13:46]} {[%emt 00:00:14]}
Ke4 {[%clk 00:16:06]} {[%emt 00:04:21]} 52. Kg6 {[%clk 01:13:36]} {[%emt
00:00:39]} Kd3 {[%clk 00:16:24]} {[%emt 00:00:13]} 53. h5 {[%clk 01:13:48]}
{[%emt 00:00:18]} Kc3 {[%clk 00:16:50]} {[%emt 00:00:04]} 54. h6 {[%clk
01:14:12]} {[%emt 00:00:06]} Kxb3 {[%clk 00:17:09]} {[%emt 00:00:10]} 55. h7
{[%clk 01:14:08]} {[%emt 00:00:35]} Kxa3 {[%clk 00:17:30]} {[%emt 00:00:09]}
56. h8=Q {[%clk 01:14:28]} {[%emt 00:00:11]} Kb3 {[%clk 00:17:52]} {[%emt
00:00:08]} 57. Qh3+ {[%clk 01:13:50]} {[%emt 00:01:07]} 1-0

[Event "DVM U12 2023"]
[Site "Magdeburg GER"]
[Date "2023.12.29"]
[Round "6"]
[White "Nguyen, Thanh An"]
[Black "Vu, Hoang Bach"]
[Result "1-0"]
[Termination "normal"]
[Board "2.1"]
[WhiteElo "1577"]
[BlackElo "1230"]
[WhiteClock "01:23:19"]
[BlackClock "01:09:50"]
[WhiteTeam "SV Dresden-Striesen 1990"]
[BlackTeam "SC Borussia Lichtenberg"]
[PlyCount "71"]
[WhiteFideId "34627804"]
[BlackFideId "12436992"]
[EventCountry "GER"]
[EventRounds "7"]
[EventType "team-swiss"]
[EventDate "2023.12.26"]

1. e4 {[%clk 01:30:57]} {[%emt 00:00:03]} d6 {[%clk 01:30:52]} {[%emt
00:00:08]} 2. f4 {[%clk 01:31:08]} {[%emt 00:00:19]} e5 {[%clk 01:31:14]}
{[%emt 00:00:09]} 3. Bc4 {[%clk 01:31:19]} {[%emt 00:00:18]} Nf6 {[%clk
01:31:06]} {[%emt 00:00:39]} 4. Nc3 {[%clk 01:31:16]} {[%emt 00:00:33]} g6
{[%clk 01:31:07]} {[%emt 00:00:29]} 5. fxe5 {[%clk 01:31:10]} {[%emt 00:00:36]}
dxe5 {[%clk 01:31:30]} {[%emt 00:00:06]} 6. Nf3 {[%clk 01:31:25]} {[%emt
00:00:15]} Bc5 {[%clk 01:31:29]} {[%emt 00:00:30]} 7. d3 {[%clk 01:29:57]}
{[%emt 00:01:59]} Bg4 {[%clk 01:30:26]} {[%emt 00:01:34]} 8. Bxf7+ {[%clk
01:29:01]} {[%emt 00:01:26]} Kxf7 {[%clk 01:30:26]} {[%emt 00:00:29]} 9. Nxe5+
{[%clk 01:29:23]} {[%emt 00:00:09]} Kg7 {[%clk 01:30:51]} {[%emt 00:00:05]} 10.
Nxg4 {[%clk 01:29:47]} {[%emt 00:00:05]} Nxg4 {[%clk 01:31:13]} {[%emt
00:00:08]} 11. Qxg4 {[%clk 01:30:11]} {[%emt 00:00:06]} Qd4 {[%clk 01:30:30]}
{[%emt 00:01:14]} 12. Qh4 {[%clk 01:29:35]} {[%emt 00:01:06]} Nc6 {[%clk
01:29:24]} {[%emt 00:01:36]} 13. a3 {[%clk 01:29:11]} {[%emt 00:00:54]} Rhf8
{[%clk 01:29:34]} {[%emt 00:00:20]} 14. Bh6+ {[%clk 01:29:35]} {[%emt
00:00:06]} Kg8 {[%clk 01:29:52]} {[%emt 00:00:11]} 15. Bxf8 {[%clk 01:29:58]}
{[%emt 00:00:08]} Qe3+ {[%clk 01:30:17]} {[%emt 00:00:05]} 16. Kd1 {[%clk
01:30:13]} {[%emt 00:00:16]} Rxf8 {[%clk 01:30:16]} {[%emt 00:00:30]} 17. Qe1
{[%clk 01:29:49]} {[%emt 00:00:54]} Qg5 {[%clk 01:30:14]} {[%emt 00:00:32]} 18.
Rf1 {[%clk 01:24:35]} {[%emt 00:05:44]} Qxg2 {[%clk 01:29:05]} {[%emt
00:01:39]} 19. Rxf8+ {[%clk 01:24:59]} {[%emt 00:00:07]} Kxf8 {[%clk 01:29:32]}
{[%emt 00:00:03]} 20. Kc1 {[%clk 01:23:15]} {[%emt 00:02:14]} Bf2 {[%clk
01:27:46]} {[%emt 00:02:15]} 21. Qd2 {[%clk 01:22:19]} {[%emt 00:01:26]} Nd4
{[%clk 01:27:36]} {[%emt 00:00:40]} 22. Nd1 {[%clk 01:20:56]} {[%emt 00:01:52]}
Be3 {[%clk 01:15:59]} {[%emt 00:12:09]} 23. Nxe3 {[%clk 01:21:20]} {[%emt
00:00:06]} Qg1+ {[%clk 01:16:25]} {[%emt 00:00:04]} 24. Nd1 {[%clk 01:21:45]}
{[%emt 00:00:04]} Kg8 {[%clk 01:07:30]} {[%emt 00:09:25]} 25. Qe3 {[%clk
01:21:42]} {[%emt 00:00:33]} Qxe3+ 26. Nxe3 {[%clk 01:22:06]} Nf3 {[%emt
00:00:03]} 27. h3 {[%clk 01:22:27]} {[%emt 00:00:07]} g5 {[%clk 01:08:02]}
{[%emt 00:00:20]} 28. c3 {[%clk 01:22:48]} {[%emt 00:00:09]} Ng1 {[%clk
01:08:29]} {[%emt 00:00:04]} 29. Kc2 {[%clk 01:23:02]} {[%emt 00:00:16]} Nxh3
{[%clk 01:08:53]} {[%emt 00:00:06]} 30. Rh1 {[%clk 01:23:24]} {[%emt 00:00:07]}
Nf4 {[%clk 01:09:06]} {[%emt 00:00:17]} 31. Nf5 {[%clk 01:23:33]} {[%emt
00:00:21]} h5 {[%clk 01:09:18]} {[%emt 00:00:17]} 32. Kd2 {[%clk 01:23:56]}
{[%emt 00:00:08]} Kf7 {[%clk 01:09:44]} {[%emt 00:00:04]} 33. Ke3 {[%clk
01:24:10]} {[%emt 00:00:17]} Kf6 {[%clk 01:09:31]} {[%emt 00:00:43]} 34. Kf3
{[%clk 01:24:25]} {[%emt 00:00:15]} Kg6 {[%clk 01:09:37]} {[%emt 00:00:23]} 35.
d4 {[%clk 01:24:35]} {[%emt 00:00:20]} Ne6 {[%clk 01:09:50]} {[%emt 00:00:16]}
36. Ne3 {[%clk 01:23:19]} {[%emt 00:01:47]} 1-0

[Event "DVM U12 2023"]
[Site "Magdeburg GER"]
[Date "2023.12.29"]
[Round "6"]
[White "Bergmann, Rafael Antonio"]
[Black "Thoms, Eric"]
[Result "0-1"]
[Termination "normal"]
[Board "2.2"]
[WhiteElo "1545"]
[BlackElo "1297"]
[WhiteClock "01:09:22"]
[BlackClock "01:08:39"]
[WhiteTeam "SC Borussia Lichtenberg"]
[BlackTeam "SV Dresden-Striesen 1990"]
[PlyCount "86"]
[WhiteFideId "34635076"]
[BlackFideId "34623450"]
[EventCountry "GER"]
[EventRounds "7"]
[EventType "team-swiss"]
[EventDate "2023.12.26"]

1. e4 {[%clk 01:30:57]} {[%emt 00:00:02]} e5 {[%clk 01:30:53]} {[%emt
00:00:07]} 2. Nf3 {[%clk 01:31:22]} {[%emt 00:00:06]} Nc6 {[%clk 01:31:17]}
{[%emt 00:00:05]} 3. Bc4 {[%clk 01:31:45]} {[%emt 00:00:07]} Nf6 {[%clk
01:31:40]} {[%emt 00:00:06]} 4. d3 {[%clk 01:32:09]} {[%emt 00:00:07]} Bc5
{[%clk 01:32:03]} {[%emt 00:00:07]} 5. c3 {[%clk 01:32:26]} {[%emt 00:00:12]}
d6 {[%clk 01:32:21]} {[%emt 00:00:12]} 6. Nbd2 {[%clk 01:32:49]} {[%emt
00:00:07]} Be6 {[%clk 01:32:16]} {[%emt 00:00:35]} 7. Bb3 {[%clk 01:33:13]}
{[%emt 00:00:07]} O-O {[%clk 01:32:26]} {[%emt 00:00:20]} 8. O-O {[%clk
01:33:33]} {[%emt 00:00:11]} Ne7 {[%clk 01:32:05]} {[%emt 00:00:50]} 9. Re1
{[%clk 01:33:48]} {[%emt 00:00:15]} Ng6 {[%clk 01:32:20]} {[%emt 00:00:15]} 10.
Nf1 {[%clk 01:33:56]} {[%emt 00:00:22]} h6 {[%clk 01:32:11]} {[%emt 00:00:39]}
11. Ng3 {[%clk 01:34:14]} {[%emt 00:00:12]} Qd7 {[%clk 01:31:28]} {[%emt
00:01:12]} 12. d4 {[%clk 01:32:21]} {[%emt 00:02:24]} exd4 {[%clk 01:31:38]}
{[%emt 00:00:19]} 13. cxd4 {[%clk 01:32:42]} {[%emt 00:00:10]} Bb6 {[%clk
01:31:33]} {[%emt 00:00:35]} 14. h3 {[%clk 01:31:43]} {[%emt 00:01:30]} Bxb3
{[%clk 01:26:18]} {[%emt 00:05:44]} 15. Qxb3 {[%clk 01:31:51]} {[%emt
00:00:22]} Rfe8 {[%clk 01:26:02]} {[%emt 00:00:46]} 16. Bd2 {[%clk 01:30:44]}
{[%emt 00:01:36]} Rad8 {[%clk 01:24:42]} {[%emt 00:01:50]} 17. Qc2 {[%clk
01:30:01]} {[%emt 00:01:14]} a6 {[%clk 01:21:11]} {[%emt 00:04:01]} 18. Nf5
{[%clk 01:25:19]} {[%emt 00:05:13]} Kh7 {[%clk 01:13:27]} {[%emt 00:08:13]} 19.
Rac1 {[%clk 01:22:21]} {[%emt 00:03:28]} Nxe4 {[%clk 01:12:02]} {[%emt
00:01:55]} 20. Rxe4 {[%clk 01:16:40]} {[%emt 00:06:11]} Qxf5 {[%clk 01:12:06]}
{[%emt 00:00:25]} 21. Rxe8 {[%clk 01:15:23]} {[%emt 00:01:48]} Qxc2 {[%clk
01:12:26]} {[%emt 00:00:10]} 22. Rxc2 {[%clk 01:15:43]} {[%emt 00:00:10]} Rxe8
{[%clk 01:12:50]} {[%emt 00:00:07]} 23. a4 {[%clk 01:15:43]} {[%emt 00:00:29]}
c6 {[%clk 01:13:04]} {[%emt 00:00:17]} 24. Bb4 {[%clk 01:12:51]} {[%emt
00:03:22]} d5 {[%clk 01:13:21]} {[%emt 00:00:13]} 25. Rc3 {[%clk 01:12:54]}
{[%emt 00:00:28]} Nf4 {[%clk 01:11:48]} {[%emt 00:02:02]} 26. Kf1 {[%clk
01:12:27]} {[%emt 00:00:57]} Re4 {[%clk 01:10:47]} {[%emt 00:01:31]} 27. Rb3
{[%clk 01:09:14]} {[%emt 00:03:43]} Bxd4 {[%clk 01:08:15]} {[%emt 00:03:02]}
28. Nxd4 {[%clk 01:09:22]} {[%emt 00:00:23]} Rxd4 {[%clk 01:08:39]} {[%emt
00:00:07]} 29. Kg1 Ne2+ {[%clk 01:08:39]} 30. Kh2 Nc1 {[%clk 01:08:39]} 31. Rc3
Rxb4 {[%clk 01:08:39]} 32. Rxc1 Rxb2 {[%clk 01:08:39]} 33. Kg3 Rb4 {[%clk
01:08:39]} 34. Ra1 Kg6 {[%clk 01:08:39]} 35. Kf3 Kf5 {[%clk 01:08:39]} 36. Ke3
Ke5 {[%clk 01:08:39]} 37. a5 Rb3+ {[%clk 01:08:39]} 38. Kd2 Rb2+ {[%clk
01:08:39]} 39. Ke1 c5 {[%clk 01:08:39]} 40. Rc1 c4 {[%clk 01:08:39]} 41. Rd1 d4
{[%clk 01:08:39]} 42. f4+ Kd5 {[%clk 01:08:39]} 43. g4 Rh2 {[%clk 01:08:39]}
0-1

[Event "DVM U12 2023"]
[Site "Magdeburg GER"]
[Date "2023.12.29"]
[Round "6"]
[White "Jahn, Gustav"]
[Black "Berndt, Ronson"]
[Result "1-0"]
[Termination "normal"]
[Board "2.3"]
[WhiteElo "1304"]
[BlackElo "1615"]
[WhiteTeam "SV Dresden-Striesen 1990"]
[BlackTeam "SC Borussia Lichtenberg"]
[PlyCount "57"]
[WhiteFideId "34666605"]
[BlackFideId "34618694"]
[EventCountry "GER"]
[EventRounds "7"]
[EventType "team-swiss"]
[EventDate "2023.12.26"]

1. e4 e5 2. Nf3 Nc6 3. Bc4 Bc5 4. c3 Nf6 5. d3 h6 6. O-O d6 7. h3 O-O 8. Re1
Re8 9. Nbd2 Ne7 10. Nf1 Ng6 11. Ng3 Be6 12. Bb3 Qd7 13. d4 exd4 14. cxd4 Bb6
15. d5 Bxh3 16. gxh3 Qxh3 17. Be3 Bxe3 18. Rxe3 Ng4 19. Rc3 Nf4 20. Qf1 Qxf1+
21. Kxf1 Rac8 22. Rac1 Re7 23. Nf5 Rxe4 24. Nxd6 Re2 25. R1c2 Rxc2 26. Rxc2 Rd8
27. Nxb7 Re8 28. Rxc7 Nd3 29. d6 1-0

[Event "DVM U12 2023"]
[Site "Magdeburg GER"]
[Date "2023.12.29"]
[Round "6"]
[White "Svanidze, Alexander"]
[Black "Xu, Wanghan"]
[Result "1/2-1/2"]
[Termination "normal"]
[Board "2.4"]
[WhiteElo "1441"]
[BlackElo "1275"]
[WhiteTeam "SC Borussia Lichtenberg"]
[BlackTeam "SV Dresden-Striesen 1990"]
[PlyCount "45"]
[WhiteFideId "34623469"]
[BlackFideId "34608745"]
[EventCountry "GER"]
[EventRounds "7"]
[EventType "team-swiss"]
[EventDate "2023.12.26"]

1. e4 c6 2. d4 d5 3. Nc3 dxe4 4. Nxe4 Nf6 5. Nxf6+ exf6 6. Nf3 Bd6 7. Bc4 O-O
8. O-O Bg4 9. h3 Bh5 10. Re1 Nd7 11. c3 Nb6 12. Bd3 Qc7 13. Be3 Nd5 14. Bc1
Rfe8 15. Be2 Nf4 16. Bxf4 Bxf4 17. Nh4 Bxe2 18. Rxe2 g6 19. Nf3 Re7 20. Qd2
Rae8 21. Rae1 Kg7 22. Kf1 Bd6 23. Qd1 1/2-1/2

[Event "DVM U12 2023"]
[Site "Magdeburg GER"]
[Date "2023.12.29"]
[Round "6"]
[White "Derr, Oleg"]
[Black "Ramming, Moritz"]
[Result "1/2-1/2"]
[Termination "normal"]
[Board "3.1"]
[WhiteElo "1801"]
[BlackElo "1629"]
[WhiteClock "00:50:07"]
[BlackClock "00:40:57"]
[WhiteTeam "VSG 1880 Offenbach"]
[BlackTeam "SK Kelheim 1920"]
[PlyCount "81"]
[WhiteFideId "34611517"]
[BlackFideId "34618198"]
[EventCountry "GER"]
[EventRounds "7"]
[EventType "team-swiss"]
[EventDate "2023.12.26"]

1. e4 {[%clk 01:30:58]} {[%emt 00:00:02]} c5 {[%clk 01:30:55]} {[%emt
00:00:05]} 2. Nf3 {[%clk 01:31:22]} {[%emt 00:00:05]} d6 {[%clk 01:31:19]}
{[%emt 00:00:07]} 3. d4 {[%emt 00:00:06]} cxd4 {[%clk 01:31:44]} {[%emt
00:00:04]} 4. Nxd4 {[%clk 01:32:17]} {[%emt 00:00:01]} Nf6 {[%clk 01:32:05]}
{[%emt 00:00:08]} 5. Nc3 {[%clk 01:32:43]} {[%emt 00:00:04]} Nc6 {[%clk
01:32:32]} {[%emt 00:00:03]} 6. Bg5 {[%clk 01:33:00]} {[%emt 00:00:12]} Bd7
{[%clk 01:32:36]} {[%emt 00:00:27]} 7. Qd2 {[%clk 01:33:08]} {[%emt 00:00:22]}
Rc8 {[%clk 01:33:01]} {[%emt 00:00:05]} 8. Be2 {[%clk 01:32:38]} {[%emt
00:00:59]} h6 {[%clk 01:29:29]} {[%emt 00:04:03]} 9. Be3 {[%clk 01:32:09]}
{[%emt 00:00:57]} a6 {[%clk 01:26:45]} {[%emt 00:03:16]} 10. f3 {[%clk
01:30:02]} {[%emt 00:02:36]} e6 {[%clk 01:26:26]} {[%emt 00:00:49]} 11. O-O
{[%clk 01:28:33]} {[%emt 00:01:58]} Be7 {[%clk 01:25:59]} {[%emt 00:00:58]} 12.
f4 {[%clk 01:27:51]} {[%emt 00:01:11]} e5 {[%clk 01:23:00]} {[%emt 00:03:29]}
13. Nxc6 {[%clk 01:26:22]} {[%emt 00:01:59]} Bxc6 {[%clk 01:22:53]} {[%emt
00:00:37]} 14. Bf3 {[%clk 01:26:36]} {[%emt 00:00:16]} O-O {[%clk 01:21:03]}
{[%emt 00:02:20]} 15. Rad1 {[%clk 01:25:02]} {[%emt 00:02:04]} Qc7 {[%clk
01:16:24]} {[%emt 00:05:10]} 16. Qf2 {[%clk 01:24:36]} {[%emt 00:00:55]} Rfe8
{[%clk 01:15:15]} {[%emt 00:01:40]} 17. f5 {[%clk 01:21:57]} {[%emt 00:03:09]}
b5 {[%clk 01:13:49]} {[%emt 00:01:57]} 18. a3 {[%clk 01:20:53]} {[%emt
00:01:34]} Qb7 {[%clk 01:13:12]} {[%emt 00:01:07]} 19. Qg3 {[%clk 01:19:44]}
{[%emt 00:01:38]} Kh8 {[%clk 01:10:26]} {[%emt 00:03:18]} 20. Rfe1 {[%clk
01:18:27]} {[%emt 00:01:46]} a5 {[%clk 01:06:54]} {[%emt 00:04:02]} 21. b4
{[%clk 01:12:18]} {[%emt 00:06:39]} axb4 {[%clk 01:04:28]} {[%emt 00:02:56]}
22. axb4 {[%clk 01:12:40]} {[%emt 00:00:07]} Bd7 {[%clk 01:03:46]} {[%emt
00:01:13]} 23. Rd3 {[%clk 01:09:57]} {[%emt 00:03:13]} Rc4 {[%clk 01:02:57]}
{[%emt 00:01:19]} 24. Qh3 {[%clk 01:07:14]} {[%emt 00:03:13]} Rec8 {[%clk
01:01:25]} {[%emt 00:02:02]} 25. Nb1 {[%clk 01:05:02]} {[%emt 00:02:42]} d5
{[%clk 01:00:18]} {[%emt 00:01:38]} 26. Bxh6 {[%clk 01:01:40]} {[%emt
00:03:50]} gxh6 {[%clk 00:59:44]} {[%emt 00:01:05]} 27. Qxh6+ {[%clk 01:02:04]}
{[%emt 00:00:06]} Nh7 {[%clk 00:59:08]} {[%emt 00:01:06]} 28. exd5 {[%clk
01:00:43]} {[%emt 00:01:53]} Rh4 {[%clk 00:57:43]} {[%emt 00:01:53]} 29. Qe3
{[%clk 01:00:37]} {[%emt 00:00:35]} Bd6 {[%clk 00:56:19]} {[%emt 00:01:56]} 30.
Be4 {[%clk 00:59:09]} {[%emt 00:01:57]} Rg8 {[%clk 00:51:43]} {[%emt 00:05:07]}
31. c3 {[%clk 00:58:22]} {[%emt 00:01:17]} Qc8 {[%clk 00:51:06]} {[%emt
00:01:07]} 32. Rf1 {[%clk 00:57:35]} {[%emt 00:01:16]} Nf6 {[%clk 00:50:24]}
{[%emt 00:01:13]} 33. Nd2 {[%clk 00:57:22]} {[%emt 00:00:43]} Bf8 {[%clk
00:47:41]} {[%emt 00:03:15]} 34. Qe1 {[%clk 00:55:00]} {[%emt 00:02:48]} Rh7
{[%clk 00:45:58]} {[%emt 00:02:14]} 35. Kh1 {[%clk 00:53:11]} {[%emt 00:02:18]}
Bh6 {[%clk 00:43:43]} {[%emt 00:02:46]} 36. g3 {[%clk 00:51:18]} {[%emt
00:02:24]} Bxd2 {[%clk 00:43:28]} {[%emt 00:00:44]} 37. Rxd2 {[%clk 00:51:32]}
{[%emt 00:00:16]} Qxc3 {[%clk 00:43:28]} {[%emt 00:00:30]} 38. Bf3 {[%clk
00:50:33]} {[%emt 00:01:28]} Bxf5 {[%clk 00:42:00]} {[%emt 00:01:59]} 39. Bg2
{[%clk 00:49:58]} {[%emt 00:01:03]} Ne4 {[%clk 00:40:58]} {[%emt 00:01:34]} 40.
Bxe4 {[%clk 00:49:46]} {[%emt 00:00:42]} Bxe4+ {[%clk 00:40:57]} {[%emt
00:00:32]} 41. Qxe4 {[%clk 00:50:07]} {[%emt 00:00:11]} 1/2-1/2